• 首页
  • 本馆介绍
  • 公告通知
  • 最新文献
  • 馆藏检索
  • 电子资源
  • 读者导购
  • 参考咨询
  • 我的图书馆
  • 登录
  • 详细信息显示
  • 放入我的书架
  • 预约/预借图书
  • 作者相关作品
  • 分类相关作品
  • 丛书相关作品
  • 出版社相关作品

书目信息

  • 表格格式
  • 工作单格式
  • 卡片格式
题名:
竹笛演奏技法
    
 
作者: 易加义 编著
分册:  
出版信息: 北京   蓝天出版社  1999
页数: 154页
开本: 26cm
丛书名: 自学与提高丛书
单 册:
中图分类: J632.11
科图分类:
主题词: 笛子--吹奏法
电子资源:
ISBN: 7-80081-901-9
000 00677nam2 2200241 45
001 0199051709
005 20061219105140.78
010    @a7-80081-901-9@dCNY15.80
100    @a19990728d1999 em y0chiy0121 ea
101 0  @achi
102    @aCN@b110000
105    @afg z 000yy
200 1  @a竹笛演奏技法@Azhu di yan zou ji fa@f易加义编著@FYi Jia Yi Bian Zhu
210    @a北京@c蓝天出版社@d1999
215    @a154页@c图@d26cm
225 2  @a自学与提高丛书
300    @a易学易懂·自学必备
410  0 @12001 @a自学与提高丛书
606    @a笛子@y吹奏法
690    @aJ632.11@v4
701  0 @a易加义@Ayi jia yi@4编著
801  0 @aCN@b中图数据@c20061219
905    @a10447@dJ632.11@e47
    
    竹笛演奏技法/易加义编著.-北京:蓝天出版社,1999
    154页:图;26cm.-(自学与提高丛书)
    易学易懂·自学必备
    
    ISBN 7-80081-901-9:CNY15.80
    
●
相关链接 在E读中查询图书 在五车中查询图书 在当当中查询图书 在豆瓣中查询图书


正题名:竹笛演奏技法     索取号:J632.11/47         预约/预借

序号 登录号 条形码 馆藏地/架位号 状态 备注
1 0622288   206222880   第一样本阅览室/ [索取号:J632.11/47] 在馆    
2 0622289   206222899   第一借阅区/ [索取号:J632.11/47] 在馆    
3 0622290   206222906   第一借阅区/ [索取号:J632.11/47] 在馆    
4 0622291   206222915   第一借阅区/ [索取号:J632.11/47] 在馆    
5 0622292   206222924   第一借阅区/ [索取号:J632.11/47] 在馆    
6 0622293   206222933   第一借阅区/ [索取号:J632.11/47] 在馆    
唐山师范学院图书馆 欢迎您!
大连网信软件有限公司© 版权所有